000 01399nam a22003137a 4500
005 20111122142013.0
008 111122t xxu||||| |||| 00| 0 eng d
010 _aENG-104170
020 _a9781259002120
_c475.00
020 _a1259002128
_c475.00
035 _aEN-87703
037 _bDBAD/PUB
040 _aDPL
082 0 0 _a532.0533
_222
100 1 _aWhite, Frank M.
_936024
245 1 0 _aViscous fluid flow /
_cby Frank M. White
250 _a3rd ed
260 _aNew Delhi
_bTata McGraw-Hill
_c2011
270 _a7 West Patel Nagar
_bNew Delhi
_e110008
300 _axxi, 629 p. :
_bill.
_c24cm (pbk)
440 0 _aMcGraw-Hill series in mechanical engineering
500 _aIncludes bibliographical references (p. 590-616) and index.
650 0 _aViscous flow.
_936025
856 4 2 _3Publisher description
_uhttp://www.loc.gov/catdir/enhancements/fy0618/2004058182-d.html
856 4 1 _3Table of contents only
_uhttp://www.loc.gov/catdir/enhancements/fy0618/2004058182-t.html
942 _2ddc
_cEN
_h532.0533
_mWHI
999 _c58611
_d58611